| 000 -LEADER |
| fixed length control field |
02282cam a2200349 a 4500 |
| 001 - CONTROL NUMBER |
| control field |
15997876 |
| 003 - CONTROL NUMBER IDENTIFIER |
| control field |
OSt |
| 005 - DATE AND TIME OF LATEST TRANSACTION |
| control field |
20170105102900.0 |
| 008 - FIXED-LENGTH DATA ELEMENTS--GENERAL INFORMATION |
| fixed length control field |
091127s2010 nyu b 000 0 eng |
| 010 ## - LIBRARY OF CONGRESS CONTROL NUMBER |
| LC control number |
2009046064 |
| 020 ## - INTERNATIONAL STANDARD BOOK NUMBER |
| International Standard Book Number |
0415552303 (hardcover) |
| 020 ## - INTERNATIONAL STANDARD BOOK NUMBER |
| International Standard Book Number |
9780415552301 (hardcover) |
| 020 ## - INTERNATIONAL STANDARD BOOK NUMBER |
| International Standard Book Number |
0203852001 (ebook) |
| 020 ## - INTERNATIONAL STANDARD BOOK NUMBER |
| International Standard Book Number |
9780203852002 (ebook) |
| 035 ## - SYSTEM CONTROL NUMBER |
| System control number |
(OCoLC)ocn472586457 |
| 040 ## - CATALOGING SOURCE |
| Original cataloging agency |
DLC |
| Transcribing agency |
DLC |
| Modifying agency |
BWKUK |
| -- |
BWK |
| -- |
YDXCP |
| -- |
UTO |
| -- |
BWX |
| -- |
ERASA |
| -- |
DLC |
| 050 00 - LIBRARY OF CONGRESS CALL NUMBER |
| Classification number |
HV6431 |
| Item number |
.I5844 2010 |
| 082 00 - DEWEY DECIMAL CLASSIFICATION NUMBER |
| Classification number |
363.325 |
| Edition number |
22 |
| Author Mark |
INT 2010 |
| 245 00 - TITLE STATEMENT |
| Title |
International terrorism post-9/11 : |
| Remainder of title |
comparative dynamics and responses / |
| Statement of responsibility, etc. |
edited by Asaf Siniver. |
| 246 3# - VARYING FORM OF TITLE |
| Title proper/short title |
International terrorism post nine/eleven |
| 260 ## - PUBLICATION, DISTRIBUTION, ETC. |
| Place of publication, distribution, etc. |
London ; |
| -- |
New York : |
| Name of publisher, distributor, etc. |
Routledge, |
| Date of publication, distribution, etc. |
2010. |
| 300 ## - PHYSICAL DESCRIPTION |
| Extent |
xv, 240 p. ; |
| Dimensions |
24 cm. |
| 490 0# - SERIES STATEMENT |
| Series statement |
Contemporary terrorism studies |
| 504 ## - BIBLIOGRAPHY, ETC. NOTE |
| Bibliography, etc. note |
Includes bibliographical references and index. |
| 505 0# - FORMATTED CONTENTS NOTE |
| Formatted contents note |
Introduction / Asaf Siniver -- "Terrorism" and political violence in the Middle East and North Africa : drivers and limitations / Gerd Nonneman -- Radicalism, extremism, and government in North Africa / George Joffé -- Strategic confusion : America's conflicting strategies and the war on terrorism / David Hastings Dunn and Oz Hassan -- American counter-terrorism through the rewards for justice program, 1984-2008 / Steve Hewitt -- British armed forces and European Union perspectives on countering terrorism / Major General Graham Messervy-Whiting -- The development of the UK intelligence community after 9/11 / Sir Francis Richards -- Israel and the Al-Aqsa intifada : the conceptzia of terror / Clive Jones -- Russia and counter terrorism : a critical appraisal / Cerwyn Moore and David Barnard-Wills -- Fixing the elusive : India and the foreignness of terror / Ted Svensson -- Australian identity, interventionism, and the war on terror / Jack Holland and Matt McDonald -- Counter-terrorism in Southeast Asia post 9/11 / Andrew T. H. Tan. |
| 650 #0 - SUBJECT ADDED ENTRY--TOPICAL TERM |
| Topical term or geographic name entry element |
War on Terrorism, 2001-2009. |
| 650 #0 - SUBJECT ADDED ENTRY--TOPICAL TERM |
| Topical term or geographic name entry element |
Terrorism |
| General subdivision |
Government policy. |
| 700 1# - ADDED ENTRY--PERSONAL NAME |
| Personal name |
Siniver, Asaf, |
| Dates associated with a name |
1976- |
| 906 ## - LOCAL DATA ELEMENT F, LDF (RLIN) |
| a |
7 |
| b |
cbc |
| c |
orignew |
| d |
1 |
| e |
ecip |
| f |
20 |
| g |
y-gencatlg |
| 942 ## - ADDED ENTRY ELEMENTS (KOHA) |
| Source of classification or shelving scheme |
|
| Koha item type |
Book |